Fundamentals of Microbiology Immunology/ (Record no. 178591)

MARC details
000 -LEADER
fixed length control field 00651nam a22002057a 4500
005 - DATE AND TIME OF LATEST TRANSACTION
control field 20210407145136.0
008 - FIXED-LENGTH DATA ELEMENTS--GENERAL INFORMATION
fixed length control field 180718b xxu||||| |||| 00| 0 eng d
020 ## - INTERNATIONAL STANDARD BOOK NUMBER
Terms of availability 435.00
035 ## - SYSTEM CONTROL NUMBER
System control number B-229120
040 ## - CATALOGING SOURCE
Original cataloging agency Dpl
Language of cataloging EN
082 ## - DEWEY DECIMAL CLASSIFICATION NUMBER
Classification number 576
Item number BAN
100 ## - MAIN ENTRY--PERSONAL NAME
Personal name Banerjee, Ajit Kumar
245 ## - TITLE STATEMENT
Title Fundamentals of Microbiology Immunology/
Statement of responsibility, etc by Ajit Kumar Banerjee[and] Nirmalya Banerjee
246 ## - VARYING FORM OF TITLE
Title proper/short title Microbiology Immunology
260 ## - PUBLICATION, DISTRIBUTION, ETC. (IMPRINT)
Place of publication, distribution, etc Kolkata
Name of publisher, distributor, etc New Central Book ltd.
Date of publication, distribution, etc 2006
270 ## - ADDRESS
Address 8/1 Chintamoni Das Lane
City Kolkata-700009
300 ## - PHYSICAL DESCRIPTION
Extent 860p.:
Dimensions 26cm.
500 ## - GENERAL NOTE
General note Inculdes Miscellaneous
942 ## - ADDED ENTRY ELEMENTS (KOHA)
Source of classification or shelving scheme Dewey Decimal Classification
Item type English Books
Classification part 576
Call number suffix BAN
Holdings
Withdrawn status Lost status Source of classification or shelving scheme Damaged status Not for loan Collection code Home library Current library Date acquired Cost, normal purchase price Total Checkouts Full call number Barcode Date last seen Cost, replacement price Koha item type
    Dewey Decimal Classification     Non-fiction Sarojini Nagar Sarojini Nagar 07/04/2021 435.00   576 BAN B-229120 07/04/2021 435.00 English Books

© Delhi Public Library
Hit Counter
free hit counter